Implantología Oral (Registro nro. 2610)
[ vista simple ]
| 000 -CABECERA | |
|---|---|
| campo de control de longitud fija | 01070aam a2200325 4500 |
| 005 - FECHA Y HORA DE ACTUALIZACIÓN | |
| campo de control | 20220128130517.0 |
| 008 - LONGITUD FIJA | |
| campo de control de longitud fija | 150604b xxu||||| |||| 00| 0 spa d |
| 041 ## - IDIOMA | |
| Código de idioma del texto/pista de sonido o título separado | |
| 082 ## - CLASIFICACIÓN DECIMAL DEWEY | |
| Número de clasificación | 617.692 P419i |
| 100 ## - AUTOR PERSONAL | |
| Nombre de persona | Peñarrocha Diago, Miguel |
| 100 ## - AUTOR PERSONAL | |
| Nombre de persona | Guarinos Carbó, Juan |
| 100 ## - AUTOR PERSONAL | |
| Nombre de persona | Sanchís Bielsa, Jose María |
| 245 ## - TÍTULO PROPIAMENTE DICHO | |
| Título | Implantología Oral |
| 260 ## - PIE DE IMPRENTA | |
| Lugar de publicación, distribución, etc. | España |
| Nombre del editor, distribuidor, etc. | Lexus |
| Fecha de publicación, distribución, etc. | 2010 |
| 300 ## - DESCRIPCIÓN FÍSICA | |
| Extensión | 274 páginas |
| 650 ## - Materia General | |
| Materia general | IMPLANTES DENTALES |
| 650 ## - Materia General | |
| Materia general | MORFOLOGÍA DE LOS IMPLANTES |
| 650 ## - Materia General | |
| Materia general | ESTUDIO ANATÓMICO |
| 650 ## - Materia General | |
| Materia general | ESTUDIO RADIOGRÁFICO |
| 650 ## - Materia General | |
| Materia general | EXPLORACIÓN CLINICA |
| 650 ## - Materia General | |
| Materia general | PROCEDIMIENTO QUIRURGICO BÁSICO |
| 650 ## - Materia General | |
| Materia general | TÉCNICA DE OSTEODILATADORES |
| 650 ## - Materia General | |
| Materia general | IMPLANTE POR EXTRACCIÓN |
| 650 ## - Materia General | |
| Materia general | TÉCNICAS EN EL MAXILAR SUPERIOR |
| 650 ## - Materia General | |
| Materia general | REGENERACIÓN OSEA |
| 650 ## - Materia General | |
| Materia general | TRATAMIENTO IMPLANTOLÓGICO |
| 650 ## - Materia General | |
| Materia general | DESDENTADO PARCIAL |
| 650 ## - Materia General | |
| Materia general | DESDENTADO TOTAL |
| 942 ## - Punto de Acceso Adicional Koha | |
| Tipo de ítem Koha | Libro |
| Estado perdido | Estado dañado | No para préstamo | Biblioteca permanente | Biblioteca actual | Signatura completa | Código de barras | Precio efectivo a partir del | Tipo de ítem |
|---|---|---|---|---|---|---|---|---|
| Departamento de Biblioteca y Documentación Alfonso Chase Brenes | Departamento de Biblioteca y Documentación Alfonso Chase Brenes | 617.692 P419i | 15713 | 27/09/2016 | Libro |